[Event "23rd ETCC Women 2021"]
[Site "Catez"]
[Date "2021.11.12"]
[Round "1.16"]
[White "Zhukova, Natalia"]
[Black "Katkov, Michelle"]
[Result "0-1"]
[WhiteElo "2331"]
[BlackElo "2059"]
[Annotator "NA"]
[PlyCount "78"]
[EventDate "2021.11.08"]
[EventType "team-tourn"]
[EventCountry "SLO"]
[SourceTitle "playchess.com"]
[Source "ChessBase"]
[SourceQuality "1"]
[WhiteTeam "Ukraine"]
[BlackTeam "Israel"]
[WhiteTeamCountry "UKR"]
[BlackTeamCountry "ISR"]
[TimeControl "40/5400+30:1800+30"]

1. d4 {[%emt 0:00:04]} Nf6 {[%emt 0:00:06]} 2. c4 {[%emt 0:00:08]} e6 {[%emt 0:
00:05]} 3. Nf3 {[%emt 0:00:16]} b6 {[%emt 0:00:08]} 4. a3 {[%emt 0:00:24]} Bb7
{[%emt 0:00:11]} 5. Nc3 {[%emt 0:00:24]} d5 {[%emt 0:00:10]} 6. Qc2 {[%emt 0:
00:30]} Be7 {[%emt 0:05:58]} 7. cxd5 {[%emt 0:00:21]} Nxd5 {[%emt 0:00:17]} 8.
Bd2 {[%emt 0:00:19]} c5 {[%emt 0:04:23]} 9. dxc5 {[%emt 0:14:29]} Bxc5 {
[%emt 0:03:55]} 10. e4 {[%emt 0:11:30]} Nxc3 {[%emt 0:03:06]} 11. Bxc3 {
[%emt 0:00:08]} O-O {[%emt 0:00:46]} 12. Rd1 {[%emt 0:03:00]} Qc8 {[%emt 0:04:
22]} 13. Bd3 {[%emt 0:16:21]} Nd7 {[%emt 0:12:52]} 14. e5 {[%emt 0:02:18]} h6 {
[%emt 0:08:38]} 15. Bh7+ {[%emt 0:00:54]} Kh8 {[%emt 0:00:09]} 16. Be4 {
[%emt 0:00:09]} Bxe4 {[%emt 0:13:25]} 17. Qxe4 {[%emt 0:00:18]} Be7 {[%emt 0:
02:54]} 18. O-O {[%emt 0:06:49]} Nc5 {[%emt 0:06:09]} 19. Qf4 {[%emt 0:04:18]}
Qa6 {[%emt 0:05:47]} 20. Bb4 {[%emt 0:05:00]} Qb7 {[%emt 0:05:27]} 21. h4 {
[%emt 0:06:16]} Rac8 {[%emt 0:04:07]} 22. Nh2 {[%emt 0:12:21]} a5 {[%emt 0:04:
25]} 23. Bxc5 {[%emt 0:00:17]} Rxc5 {[%emt 0:01:53]} 24. Ng4 {[%emt 0:07:49]}
Kh7 {[%emt 0:02:38]} 25. Rd3 {[%emt 0:01:31]} h5 {[%emt 0:01:54]} 26. Nf6+ {
[%emt 0:05:14]} gxf6 {[%emt 0:01:17]} 27. exf6 {[%emt 0:00:15]} Rg8 {[%emt 0:
01:07]} 28. Rg3 {[%emt 0:02:21]} Rxg3 {[%emt 0:02:04]} 29. fxg3 {[%emt 0:00:02]
} Rc2 {[%emt 0:00:50]} 30. Rf3 {[%emt 0:00:05]} Bc5+ {[%emt 0:00:58]} 31. Kh2 {
[%emt 0:00:05]} Qd5 {[%emt 0:01:05]} 32. b4 {[%emt 0:01:51]} axb4 {[%emt 0:01:
45]} 33. axb4 {[%emt 0:00:01]} Rc4 {[%emt 0:01:11]} 34. Qb8 {[%emt 0:00:41]}
Bd6 {[%emt 0:01:23]} 35. Qe8 {[%emt 0:00:19]} Rxh4+ {[%emt 0:00:27]} 36. Kg1 {
[%emt 0:00:02]} Qd1+ {[%emt 0:00:21]} 37. Rf1 {[%emt 0:01:18]} Rh1+ {[%emt 0:
00:06]} 38. Kxh1 {[%emt 0:00:03]} Qxf1+ {[%emt 0:00:05]} 39. Kh2 {[%emt 0:00:
02]} Qxf6 {[%emt 0:00:14]} 0-1

[Event "23rd ETCC Women 2021"]
[Site "Catez"]
[Date "2021.11.12"]
[Round "1.17"]
[White "Mammadzada, Gunay"]
[Black "Caglar, Sila"]
[Result "1-0"]
[WhiteElo "2459"]
[BlackElo "2250"]
[Annotator "ChessBase"]
[PlyCount "101"]
[EventDate "2021.11.08"]
[EventType "team-tourn"]
[EventCountry "SLO"]
[SourceTitle "playchess.com"]
[Source "ChessBase"]
[SourceQuality "1"]
[WhiteTeam "Azerbaijan"]
[BlackTeam "Turkey"]
[WhiteTeamCountry "AZE"]
[BlackTeamCountry "TUR"]
[TimeControl "40/5400+30:1800+30"]

1. e4 {[%emt 0:00:05]} c5 {[%emt 0:00:03]} 2. Nf3 {[%emt 0:00:06]} e6 {[%emt 0:
00:06]} 3. d4 {[%emt 0:00:04]} cxd4 {[%emt 0:00:04]} 4. Nxd4 {[%emt 0:00:04]}
a6 {[%emt 0:00:06]} 5. Bd3 {[%emt 0:00:53]} Nc6 {[%emt 0:00:06]} 6. Nxc6 {
[%emt 0:01:17]} dxc6 {[%emt 0:00:07]} 7. Nd2 {[%emt 0:03:22]} e5 {[%emt 0:00:
04]} 8. Nc4 {[%emt 0:05:52]} Be6 {[%emt 0:00:12]} 9. Qf3 {[%emt 0:05:14]} Nf6 {
[%emt 0:02:52]} 10. O-O {[%emt 0:02:40]} Bxc4 {[%emt 0:12:32]} 11. Bxc4 {
[%emt 0:00:03]} Qd4 {[%emt 0:01:06]} 12. Bd3 {[%emt 0:20:29]} Be7 {[%emt 0:00:
33]} 13. c3 {[%emt 0:08:58]} Qd6 {[%emt 0:00:53]} 14. a4 {[%emt 0:01:39]} a5 {
[%emt 0:05:01]} 15. Bc4 {[%emt 0:03:52]} O-O {[%emt 0:05:07]} 16. Qe2 {[%emt 0:
02:26]} Nd7 {[%emt 0:15:24]} 17. Be3 {[%emt 0:02:10]} Rad8 {[%emt 0:06:05]} 18.
Rfd1 {[%emt 0:04:04]} Qg6 {[%emt 0:07:10]} 19. Qc2 {[%emt 0:05:23]} Nc5 {
[%emt 0:02:32]} 20. f3 {[%emt 0:00:59]} Rd6 {[%emt 0:12:25]} 21. Kh1 {[%emt 0:
05:47]} Nd7 {[%emt 0:04:49]} 22. Rd2 {[%emt 0:07:28]} Rd8 {[%emt 0:04:04]} 23.
Rad1 {[%emt 0:01:44]} Qf6 {[%emt 0:03:34]} 24. Rxd6 {[%emt 0:03:46]} Bxd6 {
[%emt 0:00:05]} 25. Qb3 {[%emt 0:02:31]} Nc5 {[%emt 0:07:58]} 26. Bxf7+ {
[%emt 0:06:35]} Kf8 {[%emt 0:02:34]} 27. Qc4 {[%emt 0:04:49]} Qxf7 {[%emt 0:07:
20]} 28. Qxf7+ {[%emt 0:00:12]} Kxf7 {[%emt 0:00:01]} 29. Bxc5 {[%emt 0:00:06]}
Be7 {[%emt 0:01:00]} 30. Rxd8 {[%emt 0:00:27]} Bxd8 {[%emt 0:00:00]} 31. Kg1 {
[%emt 0:01:00]} Ke6 {[%emt 0:01:21]} 32. Kf2 {[%emt 0:00:16]} b6 {[%emt 0:00:
40]} 33. Be3 {[%emt 0:00:30]} Kd6 {[%emt 0:00:32]} 34. Ke2 {[%emt 0:00:26]} Bc7
{[%emt 0:00:33]} 35. Kd3 {[%emt 0:01:21]} b5 {[%emt 0:00:23]} 36. b3 {[%emt 0:
00:35]} Bd8 {[%emt 0:00:33]} 37. g3 {[%emt 0:00:24]} h5 {[%emt 0:00:33]} 38. f4
{[%emt 0:00:42]} g6 {[%emt 0:00:30]} 39. h3 {[%emt 0:01:06]} Ke6 {[%emt 0:00:
28]} 40. axb5 {[%emt 0:00:22]} cxb5 {[%emt 0:00:07]} 41. c4 {[%emt 0:30:11]}
bxc4+ {[%emt 0:07:31]} 42. Kxc4 {[%emt 0:00:00]} Bc7 {[%emt 0:00:54]} 43. fxe5
{[%emt 0:00:00]} Bxe5 {[%emt 0:04:15]} 44. Bf4 {[%emt 0:00:00]} Bf6 {[%emt 0:
12:32]} 45. Bc7 {[%emt 0:00:00]} h4 {[%emt 0:00:35]} 46. g4 {[%emt 0:00:00]}
Be7 {[%emt 0:02:43]} 47. Kd3 {[%emt 0:00:00]} Bb4 {[%emt 0:00:30]} 48. Bd8 {
[%emt 0:00:00]} Ke5 {[%emt 0:00:08]} 49. Bxh4 {[%emt 0:00:00]} Kf4 {[%emt 0:00:
08]} 50. Bf6 {[%emt 0:00:00]} g5 {[%emt 0:01:57]} 51. e5 {[%emt 0:00:00]} 1-0

[Event "23rd ETCC Women 2021"]
[Site "Catez"]
[Date "2021.11.12"]
[Round "1.18"]
[White "Kocyigit, Buse Naz"]
[Black "Mammadova, Gulnar"]
[Result "0-1"]
[WhiteElo "2034"]
[BlackElo "2395"]
[Annotator "NA"]
[PlyCount "74"]
[EventDate "2021.11.08"]
[EventType "team-tourn"]
[EventCountry "SLO"]
[SourceTitle "playchess.com"]
[Source "ChessBase"]
[SourceQuality "1"]
[WhiteTeam "Turkey"]
[BlackTeam "Azerbaijan"]
[WhiteTeamCountry "TUR"]
[BlackTeamCountry "AZE"]
[TimeControl "40/5400+30:1800+30"]

1. Nf3 {[%emt 0:00:04]} Nf6 {[%emt 0:00:08]} 2. d4 {[%emt 0:00:05]} g6 {
[%emt 0:00:08]} 3. Nc3 {[%emt 0:00:11]} d5 {[%emt 0:00:36]} 4. Bf4 {[%emt 0:00:
06]} Bg7 {[%emt 0:01:14]} 5. Qd2 {[%emt 0:00:06]} Bf5 {[%emt 0:04:06]} 6. Ne5 {
[%emt 0:10:31]} c6 {[%emt 0:05:19]} 7. f3 {[%emt 0:10:26]} Nbd7 {[%emt 0:05:16]
} 8. g4 {[%emt 0:17:40]} Be6 {[%emt 0:00:15]} 9. h4 {[%emt 0:02:20]} h5 {
[%emt 0:06:14]} 10. g5 {[%emt 0:03:56]} Nh7 {[%emt 0:04:06]} 11. O-O-O {
[%emt 0:10:04]} Nxe5 {[%emt 0:04:56]} 12. Bxe5 {[%emt 0:01:35]} Bxe5 {[%emt 0:
01:55]} 13. dxe5 {[%emt 0:00:03]} Qa5 {[%emt 0:05:06]} 14. Kb1 {[%emt 0:11:48]}
b5 {[%emt 0:16:56]} 15. Ne4 {[%emt 0:01:52]} Qb6 {[%emt 0:09:21]} 16. Ng3 {
[%emt 0:06:38]} Nf8 {[%emt 0:00:32]} 17. e3 {[%emt 0:01:34]} Nd7 {[%emt 0:02:
25]} 18. f4 {[%emt 0:00:33]} Nc5 {[%emt 0:00:23]} 19. Bg2 {[%emt 0:07:10]} b4 {
[%emt 0:03:53]} 20. Qd4 {[%emt 0:04:02]} Qa5 {[%emt 0:04:23]} 21. b3 {[%emt 0:
04:44]} Na6 {[%emt 0:00:56]} 22. e4 {[%emt 0:01:46]} Nc7 {[%emt 0:03:03]} 23.
Qb2 {[%emt 0:04:10]} Bg4 {[%emt 0:02:15]} 24. e6 {[%emt 0:00:22]} O-O-O {
[%emt 0:01:17]} 25. Bh3 {[%emt 0:00:33]} Bxh3 {[%emt 0:03:31]} 26. Rxh3 {
[%emt 0:00:02]} Nxe6 {[%emt 0:00:07]} 27. Rf1 {[%emt 0:01:00]} dxe4 {[%emt 0:
00:18]} 28. Rhh1 {[%emt 0:00:33]} e3 {[%emt 0:01:10]} 29. f5 {[%emt 0:00:18]}
Nd4 {[%emt 0:01:12]} 30. fxg6 {[%emt 0:00:04]} fxg6 {[%emt 0:00:05]} 31. Re1 {
[%emt 0:00:54]} Qe5 {[%emt 0:01:40]} 32. Ne2 {[%emt 0:00:03]} Rhf8 {[%emt 0:00:
50]} 33. a3 {[%emt 0:00:50]} a5 {[%emt 0:05:03]} 34. axb4 {[%emt 0:00:01]} axb4
{[%emt 0:00:06]} 35. Qa1 {[%emt 0:00:50]} Kb7 {[%emt 0:00:21]} 36. Qa4 {
[%emt 0:00:52]} Nxc2 {[%emt 0:01:23]} 37. Rc1 {[%emt 0:00:42]} Na3+ {[%emt 0:
00:18]} 0-1

[Event "23rd ETCC Women 2021"]
[Site "Catez"]
[Date "2021.11.12"]
[Round "1.19"]
[White "Balajayeva, Khanim"]
[Black "Aydin, Gulenay"]
[Result "1-0"]
[WhiteElo "2369"]
[BlackElo "2114"]
[Annotator "NA"]
[PlyCount "53"]
[EventDate "2021.11.08"]
[EventType "team-tourn"]
[EventCountry "SLO"]
[SourceTitle "playchess.com"]
[Source "ChessBase"]
[SourceQuality "1"]
[WhiteTeam "Azerbaijan"]
[BlackTeam "Turkey"]
[WhiteTeamCountry "AZE"]
[BlackTeamCountry "TUR"]
[TimeControl "40/5400+30:1800+30"]

1. e4 {[%emt 0:00:03]} c6 {[%emt 0:00:11]} 2. d4 {[%emt 0:04:54]} d5 {[%emt 0:
00:14]} 3. Nc3 {[%emt 0:00:53]} dxe4 {[%emt 0:00:43]} 4. Nxe4 {[%emt 0:00:36]}
Bf5 {[%emt 0:00:47]} 5. Ng3 {[%emt 0:01:05]} Bg6 {[%emt 0:00:40]} 6. h4 {
[%emt 0:04:00]} h6 {[%emt 0:01:32]} 7. h5 {[%emt 0:01:28]} Bh7 {[%emt 0:00:09]}
8. Nf3 {[%emt 0:02:22]} e6 {[%emt 0:03:48]} 9. Bd3 {[%emt 0:01:20]} Bxd3 {
[%emt 0:00:10]} 10. Qxd3 {[%emt 0:00:05]} Nf6 {[%emt 0:01:09]} 11. Bd2 {
[%emt 0:03:17]} Nbd7 {[%emt 0:13:57]} 12. O-O-O {[%emt 0:02:43]} Be7 {[%emt 0:
06:54]} 13. Kb1 {[%emt 0:20:04]} Qb6 {[%emt 0:12:47]} 14. Rhe1 {[%emt 0:14:45]}
O-O {[%emt 0:12:02]} 15. Qc4 {[%emt 0:23:43]} Nd5 {[%emt 0:15:57]} 16. Ne4 {
[%emt 0:02:26]} Rac8 {[%emt 0:14:40]} 17. g4 {[%emt 0:01:42]} c5 {[%emt 0:03:
40]} 18. g5 {[%emt 0:03:10]} cxd4 {[%emt 0:02:15]} 19. Qd3 {[%emt 0:03:30]} Bb4
{[%emt 0:07:17]} 20. gxh6 {[%emt 0:04:19]} f5 {[%emt 0:00:56]} 21. Rg1 {
[%emt 0:01:37]} Rf7 {[%emt 0:00:36]} 22. Neg5 {[%emt 0:01:48]} Bxd2 {[%emt 0:
00:26]} 23. h7+ {[%emt 0:00:18]} Kh8 {[%emt 0:00:01]} 24. Nxf7+ {[%emt 0:00:04]
} Kxh7 {[%emt 0:00:04]} 25. Rxd2 {[%emt 0:01:09]} Nc3+ {[%emt 0:01:00]} 26. Ka1
{[%emt 0:00:14]} Nc5 {[%emt 0:01:00]} 27. Qxd4 {[%emt 0:00:39]} 1-0

[Event "23rd ETCC Women 2021"]
[Site "Catez"]
[Date "2021.11.12"]
[Round "1.20"]
[White "Onur, Cigdem"]
[Black "Beydullayeva, Govhar"]
[Result "0-1"]
[WhiteElo "2015"]
[BlackElo "2278"]
[Annotator "NA"]
[PlyCount "114"]
[EventDate "2021.11.08"]
[EventType "team-tourn"]
[EventCountry "SLO"]
[SourceTitle "playchess.com"]
[Source "ChessBase"]
[SourceQuality "1"]
[WhiteTeam "Turkey"]
[BlackTeam "Azerbaijan"]
[WhiteTeamCountry "TUR"]
[BlackTeamCountry "AZE"]
[TimeControl "40/5400+30:1800+30"]

1. e4 {[%emt 0:00:08]} c5 {[%emt 0:00:08]} 2. Nf3 {[%emt 0:00:07]} d6 {[%emt 0:
00:03]} 3. d4 {[%emt 0:00:04]} cxd4 {[%emt 0:00:07]} 4. Nxd4 {[%emt 0:00:06]}
Nf6 {[%emt 0:00:03]} 5. Nc3 {[%emt 0:00:04]} a6 {[%emt 0:00:02]} 6. Bg5 {
[%emt 0:00:05]} e6 {[%emt 0:00:25]} 7. f4 {[%emt 0:00:17]} Nbd7 {[%emt 0:00:31]
} 8. Qf3 {[%emt 0:00:38]} Qc7 {[%emt 0:00:18]} 9. O-O-O {[%emt 0:00:41]} b5 {
[%emt 0:00:22]} 10. Bd3 {[%emt 0:01:46]} Bb7 {[%emt 0:00:10]} 11. Rhe1 {
[%emt 0:01:00]} Qb6 {[%emt 0:00:55]} 12. Bxf6 {[%emt 0:15:35]} Nxf6 {[%emt 0:
00:06]} 13. Qh3 {[%emt 0:06:22]} Be7 {[%emt 0:01:10]} 14. e5 {[%emt 0:11:35]}
dxe5 {[%emt 0:04:09]} 15. fxe5 {[%emt 0:01:33]} Nd5 {[%emt 0:00:43]} 16. Ne4 {
[%emt 0:13:18]} O-O-O {[%emt 0:10:53]} 17. Nf3 {[%emt 0:35:29]} Nb4 {[%emt 0:
15:08]} 18. Kb1 {[%emt 0:01:33]} Qa5 {[%emt 0:06:53]} 19. a3 {[%emt 0:02:17]}
Nxd3 {[%emt 0:00:15]} 20. Rxd3 {[%emt 0:02:45]} Rxd3 {[%emt 0:06:25]} 21. cxd3
{[%emt 0:00:06]} b4 {[%emt 0:02:41]} 22. axb4 {[%emt 0:01:29]} Bxb4 {[%emt 0:
04:24]} 23. Rc1+ {[%emt 0:00:35]} Kb8 {[%emt 0:00:12]} 24. Qg4 {[%emt 0:02:02]}
Rd8 {[%emt 0:20:13]} 25. Qxg7 {[%emt 0:02:36]} Qb5 {[%emt 0:08:05]} 26. Nf2 {
[%emt 0:00:35]} Ba3 {[%emt 0:00:56]} 27. Rc2 {[%emt 0:00:33]} Rc8 {[%emt 0:01:
33]} 28. Nd4 {[%emt 0:00:18]} Qb6 {[%emt 0:03:08]} 29. Nd1 {[%emt 0:00:09]}
Qxd4 {[%emt 0:03:06]} 30. Rxc8+ {[%emt 0:00:14]} Bxc8 {[%emt 0:00:07]} 31. bxa3
{[%emt 0:00:09]} Qxd3+ {[%emt 0:00:09]} 32. Kc1 {[%emt 0:00:04]} Qxa3+ {
[%emt 0:00:24]} 33. Kd2 {[%emt 0:00:38]} Qb4+ {[%emt 0:01:47]} 34. Nc3 {
[%emt 0:01:06]} Qd4+ {[%emt 0:06:35]} 35. Kc2 {[%emt 0:00:10]} h5 {[%emt 0:01:
30]} 36. Qg5 {[%emt 0:01:22]} h4 {[%emt 0:01:02]} 37. Ne2 {[%emt 0:00:47]} Qe4+
{[%emt 0:02:19]} 38. Kd2 {[%emt 0:00:07]} Bb7 {[%emt 0:00:26]} 39. g3 {[%emt 0:
00:29]} Qd5+ {[%emt 0:00:15]} 40. Kc3 {[%emt 0:00:42]} f5 {[%emt 0:01:52]} 41.
Qf4 {[%emt 0:10:23]} Qa5+ {[%emt 0:01:51]} 42. Kd4 {[%emt 0:02:03]} Qb6+ {
[%emt 0:04:29]} 43. Kc3 {[%emt 0:00:54]} Qa5+ {[%emt 0:00:18]} 44. Kd4 {
[%emt 0:00:15]} hxg3 {[%emt 0:12:17]} 45. Nxg3 {[%emt 0:13:21]} Qb4+ {[%emt 0:
03:02]} 46. Ke3 {[%emt 0:00:06]} Qb6+ {[%emt 0:00:05]} 47. Qd4 {[%emt 0:02:02]}
f4+ {[%emt 0:00:07]} 48. Kd3 {[%emt 0:01:01]} Qxd4+ {[%emt 0:00:04]} 49. Kxd4 {
[%emt 0:00:03]} fxg3 {[%emt 0:00:02]} 50. hxg3 {[%emt 0:00:09]} Kc7 {[%emt 0:
00:37]} 51. g4 {[%emt 0:02:23]} Bf3 {[%emt 0:00:11]} 52. g5 {[%emt 0:00:05]}
Bh5 {[%emt 0:00:03]} 53. Kc5 {[%emt 0:00:10]} Bg6 {[%emt 0:00:04]} 54. Kb4 {
[%emt 0:00:14]} Kc6 {[%emt 0:00:04]} 55. Ka5 {[%emt 0:00:05]} Kd5 {[%emt 0:00:
04]} 56. Kxa6 {[%emt 0:00:13]} Kxe5 {[%emt 0:00:03]} 57. Kb5 {[%emt 0:00:08]}
Kd4 {[%emt 0:00:06]} 0-1

[Event "23rd ETCC Women 2021"]
[Site "Catez"]
[Date "2021.11.12"]
[Round "1.21"]
[White "Cramling, Pia"]
[Black "Guichard, Pauline"]
[Result "1-0"]
[WhiteElo "2457"]
[BlackElo "2409"]
[Annotator "ChessBase"]
[PlyCount "85"]
[EventDate "2021.11.08"]
[EventType "team-tourn"]
[EventCountry "SLO"]
[SourceTitle "playchess.com"]
[Source "ChessBase"]
[SourceQuality "1"]
[WhiteTeam "Sweden"]
[BlackTeam "France"]
[WhiteTeamCountry "SWE"]
[BlackTeamCountry "FRA"]
[TimeControl "40/5400+30:1800+30"]

1. d4 {[%emt 0:00:06]} Nf6 {[%emt 0:00:05]} 2. c4 {[%emt 0:00:07]} e6 {[%emt 0:
00:05]} 3. Nf3 {[%emt 0:00:11]} d5 {[%emt 0:00:08]} 4. Nc3 {[%emt 0:00:19]}
dxc4 {[%emt 0:00:14]} 5. Qa4+ {[%emt 0:01:30]} c6 {[%emt 0:03:54]} 6. Qxc4 {
[%emt 0:00:11]} b5 {[%emt 0:00:08]} 7. Qd3 {[%emt 0:00:09]} a6 {[%emt 0:00:16]}
8. Bg5 {[%emt 0:03:54]} c5 {[%emt 0:01:39]} 9. Bxf6 {[%emt 0:01:26]} gxf6 {
[%emt 0:00:33]} 10. d5 {[%emt 0:00:10]} Bb7 {[%emt 0:03:32]} 11. e4 {[%emt 0:
00:56]} Nd7 {[%emt 0:06:31]} 12. Rd1 {[%emt 0:06:06]} Qc7 {[%emt 0:02:39]} 13.
Be2 {[%emt 0:04:46]} O-O-O {[%emt 0:01:16]} 14. O-O {[%emt 0:01:00]} Kb8 {
[%emt 0:00:47]} 15. dxe6 {[%emt 0:20:33]} fxe6 {[%emt 0:01:28]} 16. a4 {
[%emt 0:00:17]} b4 {[%emt 0:16:45]} 17. Nb1 {[%emt 0:00:32]} f5 {[%emt 0:08:40]
} 18. exf5 {[%emt 0:07:56]} e5 {[%emt 0:01:15]} 19. Qe3 {[%emt 0:20:16]} Bd6 {
[%emt 0:17:12]} 20. Ng5 {[%emt 0:02:51]} Rhg8 {[%emt 0:10:01]} 21. Bc4 {
[%emt 0:05:08]} Nf6 {[%emt 0:03:27]} 22. f3 {[%emt 0:04:18]} e4 {[%emt 0:04:22]
} 23. Rxd6 {[%emt 0:02:24]} Qxd6 {[%emt 0:01:00]} 24. Bxg8 {[%emt 0:00:47]}
Rxg8 {[%emt 0:00:54]} 25. Nxe4 {[%emt 0:01:12]} Qe5 {[%emt 0:04:29]} 26. Nbd2 {
[%emt 0:05:56]} Qxb2 {[%emt 0:10:20]} 27. Rb1 {[%emt 0:04:29]} Qe5 {[%emt 0:01:
21]} 28. Qxc5 {[%emt 0:00:18]} Nd5 {[%emt 0:00:41]} 29. Qd6+ {[%emt 0:03:14]}
Qxd6 {[%emt 0:00:14]} 30. Nxd6 {[%emt 0:00:04]} Bc6 {[%emt 0:00:38]} 31. a5 {
[%emt 0:00:40]} Kc7 {[%emt 0:00:29]} 32. N6c4 {[%emt 0:00:46]} h5 {[%emt 0:00:
53]} 33. Ne4 {[%emt 0:01:34]} h4 {[%emt 0:00:31]} 34. Kf2 {[%emt 0:00:54]} Nf4
{[%emt 0:00:31]} 35. g3 {[%emt 0:00:31]} Nh3+ {[%emt 0:00:20]} 36. Ke3 {
[%emt 0:00:41]} hxg3 {[%emt 0:00:41]} 37. hxg3 {[%emt 0:00:19]} Bxe4 {[%emt 0:
00:06]} 38. fxe4 {[%emt 0:01:03]} Rxg3+ {[%emt 0:00:03]} 39. Kd4 {[%emt 0:00:
06]} b3 {[%emt 0:01:17]} 40. Ne3 {[%emt 0:00:45]} Nf4 {[%emt 0:00:33]} 41. Rxb3
{[%emt 0:31:38]} Ne2+ {[%emt 0:01:35]} 42. Ke5 {[%emt 0:00:00]} Rg8 {[%emt 0:
00:25]} 43. Nd5+ {[%emt 0:00:00]} 1-0

[Event "23rd ETCC Women 2021"]
[Site "Catez"]
[Date "2021.11.12"]
[Round "1.22"]
[White "Milliet, Sophie"]
[Black "Agrest, Inna"]
[Result "1/2-1/2"]
[WhiteElo "2418"]
[BlackElo "2258"]
[Annotator "TA"]
[PlyCount "215"]
[EventDate "2021.11.08"]
[EventType "team-tourn"]
[EventCountry "SLO"]
[SourceTitle "playchess.com"]
[Source "ChessBase"]
[SourceQuality "1"]
[WhiteTeam "France"]
[BlackTeam "Sweden"]
[WhiteTeamCountry "FRA"]
[BlackTeamCountry "SWE"]

{[%evp 23,215,49,91,77,101,85,115,75,112,100,151,141,147,132,141,126,139,135,
170,101,125,125,119,114,95,108,105,93,94,86,64,7,15,16,16,14,26,23,29,23,25,0,
0,0,0,-12,0,0,45,0,0,0,0,0,0,0,0,0,0,0,0,0,0,0,0,0,0,0,0,0,4,0,0,2,7,8,22,22,
22,0,0,0,0,0,0,0,0,0,0,0,0,0,0,0,0,0,0,0,0,0,0,0,0,0,0,0,0,0,0,0,0,0,0,0,0,0,0,
0,0,0,0,0,0,0,0,0,0,0,0,0,0,0,0,0,0,0,0,0,0,0,0,0,0,0,0,0,0,0,0,0,0,0,0,0,0,0,
0,0,0,0,0,0,0,0,0,0,0,0,0,0,0,0,0,0,0,0,0,0,0,0,0,0,0,0,0,0,0,0,0,0,0,0,0,0]} 
1. d4 Nf6 2. c4 g6 3. Nc3 Bg7 4. e4 d6 5. Nf3 O-O 6. Be2 Nbd7 7. O-O e5 8. Qc2
exd4 9. Nxd4 Re8 10. Be3 c6 11. Rad1 Qe7 12. f3 d5 13. cxd5 {E94: King's
Indian: Classical: 6 Be2 e5 7 0-0: Various Black 7th moves.} Nxd5 14. Nxd5 cxd5
15. Nb5 $1 {Threatens to win with Nc7.White is better.} dxe4 16. f4 {[#]} (16.
Bxa7 exf3 17. Bxf3 Ne5 $17) 16... Nf8 $146 ({Better is} 16... Nb6) ({
Predecessor:} 16... Nb6 17. Bc5 Qh4 18. g3 Qh3 19. Nc7 Bf5 20. Nxe8 Rxe8 21.
Be3 h5 22. Rfe1 Rc8 {0-1 (39) Miroshnichenko,E (2545)-Areshchenko,A (2479)
Kramatorsk 2001}) 17. Nc7 $16 (17. Bxa7 Bf5 $15) 17... Bf5 {Strongly
threatening ...Rac8.} 18. Nxa8 Rxa8 19. g4 $1 {[%cal Rg4f5]} Rc8 {[#]} 20. Qd2
Be6 21. a3 ({Much less strong is} 21. Bxa7 $6 Bxa2 22. f5 Be5 $16) (21. b3 $18)
21... Bb3 22. Rc1 ({Stronger than} 22. Bxa7 Bxd1 23. Rxd1 Qe6 $15) 22... Rd8 {
[#]} 23. Qb4 {[%cal Rb4e7]} Qxb4 24. axb4 Ne6 25. Bc4 Bxc4 26. Rxc4 f5 27. Rfc1
(27. Ra1 $14) 27... Rd3 28. Kf2 {Black should prevent Ra1.} Bxb2 29. R1c2 Bf6
30. Rd2 Rxd2+ 31. Bxd2 $11 {[%mdl 4096] Endgame KRB-KBN} Kf7 32. g5 Be7 33. h4
Bd6 34. Kg3 Ng7 35. Rc8 Ke6 36. Rh8 (36. Kf2 {looks sharper.} Nh5 37. Re8+ Kd5
38. Rh8 b6 39. b5) 36... Nh5+ {The position is equal.} 37. Kf2 Bxf4 ({Much
weaker is} 37... Nxf4 $6 38. Bxf4 Bxf4 39. Rxh7 $16) 38. Bxf4 Nxf4 39. Rxh7 {
KR-KN} Nd3+ 40. Ke3 Nxb4 41. Rxb7 {[%mdl 64] Double Attack} Nd5+ 42. Kd4 Ne7
43. Rc7 Kd6 $1 {[%cal Rd6c7]} 44. Rc1 a5 45. Rc4 a4 46. Rxa4 Nc6+ 47. Ke3 {
Black must now prevent h5!} Ke5 48. h5 gxh5 49. g6 f4+ 50. Kf2 Ne7 51. g7 e3+
52. Kf3 Kf6 53. Re4 {White threatens Rxe7! and mate.} Ng8 54. Kxf4 (54. Re8 {
feels hotter.} Kxg7 55. Kxf4 Kf7 56. Rxe3 h4 57. Ke5) 54... Kxg7 55. Kg5 Kf7
56. Rxe3 (56. Kh4 {seems wilder.} e2 57. Kg3 h4+ 58. Kh2 Ne7 59. Kh3) 56... Ne7
57. Kxh5 (57. Rf3+ {keeps more tension.} Ke6 58. Kh4 Ng6+ 59. Kh3 Ke5 60. Re3+)
57... Kf6 58. Kg4 Ng6 59. Ra3 Nf8 60. Rf3+ Ke7 61. Kf5 Kd6 62. Rd3+ Kc6 63. Ke5
Nd7+ 64. Kd4 Kd6 65. Rh3 Ke6 66. Ra3 Kf5 67. Re3 Nf6 68. Rf3+ Ke6 69. Rf1 Nd7
70. Ra1 Kf5 71. Ra6 Nf6 72. Rb6 Nd7 73. Rb5+ Ke6 74. Rd5 Nf6 75. Re5+ Kd6 76.
Ra5 Ke6 77. Ra6+ Kf5 78. Rd6 Ng4 79. Rd8 Nf6 80. Rh8 Ke6 81. Rh6 Kf5 82. Rh1
Ke6 83. Rf1 Nd7 84. Rf3 Nf6 85. Re3+ Kd6 86. Kc4 Nd7 87. Kb5 Ne5 88. Re1 Kd5
89. Rd1+ Ke4 90. Rd8 Nf3 91. Kc5 Ke3 92. Kd5 Kd3 93. Ra8 Ke3 94. Ra4 Ng5 95.
Rh4 Nf3 96. Rg4 Nd2 97. Rd4 Nf3 98. Re4+ Kd3 99. Re8 Nd2 100. Ke5 Nc4+ 101. Kf4
Kd4 102. Rc8 Kd5 103. Rh8 Nd6 104. Rh6 Nc4 105. Rh5+ Kd4 106. Rh1 Kd5 107. Rc1
Kd4 108. Rd1+ {White really could win this.  Weighted Error Value: White=0.07/
Black=0.05} 1/2-1/2